Small group dynamics for dynamic group leaders / Billie Davis. (Record no. 20776)
| 000 -LEADER | |
|---|---|
| fixed length control field | 00923nam a2200157 4500 |
| 020 ## - INTERNATIONAL STANDARD BOOK NUMBER | |
| ISBN | 9781595557278 |
| 082 ## - DEWEY DECIMAL CLASSIFICATION NUMBER | |
| Classification number | 302.3 |
| Item number | D265 2018 |
| 100 ## - MAIN ENTRY--AUTHOR NAME | |
| Personal name | Davis, Billie, author. |
| 245 ## - TITLE STATEMENT | |
| Title | Small group dynamics for dynamic group leaders / Billie Davis. |
| 260 ## - PUBLICATION, DISTRIBUTION, ETC. (IMPRINT) | |
| Place of publication | Nashville, Tennessee : |
| Name of publisher | Elm Hill, |
| Year of publication | ©2018 |
| 300 ## - PHYSICAL DESCRIPTION | |
| Number of Pages | 1 online resource, xii, 175 pages |
| 500 ## - GENERAL NOTE | |
| General note | Includes bibliographic references. |
| 505 ## - FORMATTED CONTENTS NOTE | |
| Formatted contents note | CHAPTER 1 Jesus and His Disciples: The Model Group CHAPTER 2 A Group Is People Sharing CHAPTER 3 A Group Is for Belonging CHAPTER 4 How People Act in Groups CHAPTER 5 Understanding and Misunderstanding CHAPTER 6 The Leadership Role in Teaching CHAPTER 7 Children Learn and Grow in Group CHAPTER 8 Adolescence Can Be Defined as Relationships CHAPTER 9 Mature Christians Work Together CHAPTER 10 Relationships in a Pluralistic Community |
| 650 ## - SUBJECT ADDED ENTRY--TOPICAL TERM | |
| Topical Term | Small groups—Leadership. |
| 942 ## - ADDED ENTRY ELEMENTS (KOHA) | |
| Koha item type | Electronic Books |
| Source of acquisition | Permanent Location | Date acquired | Collection code | Koha item type | Lost status | Shelving location | Withdrawn status | Current Location | Full call number |
|---|---|---|---|---|---|---|---|---|---|
| Donation | Cagayan State University - Carig Library | 2025-05-27 | E-Books | Electronic Books | E-Resource Section | Cagayan State University - Carig Library | 302.3 D265 2018 |